Statistiques concernant Culture Générale - Série 1007

Cliquez ici pour prendre le quiz!

Statistiques générales

  • Ce quiz a été pris 83 fois
  • Le résultat moyen est 8 sur 10

Statistiques - réponses

QuestionRéponse% Correct
Dans quel conte de Perrault une citrouille se transforme-t-elle en carrosse ?Cendrillon
99%
Dans un commissariat, que signifie le sigle P.J. ?Police judiciaire
96%
Quel fruit rouge est aussi le nom d'une collerette de dentelle très à la mode au XVIe siècle ?fraise
91%
Du nom de quel philosophe est tiré l'adjectif "cartésien" ?René Descartes
91%
Quelle petite serviette de bébé est aussi un morceau de boeuf souvent servi avec une sauce à l'échalote ?bavette
85%
Quel homme politique a été président de la République française de 1969 à 1974 ?Georges Pompidou
84%
De quel pays est originaire le fromage appelé "Appenzell" ?Suisse
76%
En 1966, quelle chanteuse à couettes interprète "Bang-Bang" et "L'Heure de la sortie" ?Sheila
64%
Quel cinéaste, chef de file de la nouvelle vague, est le réalisateur du film "A bout de souffle" ?Jean-Luc Godard
44%
De 1987 à 1994, qui a présenté l'émission "Le Divan" sur FR3 ?Henry Chapier
29%

Distribution des résultats

Percentile par nombre de réponses

% des personnes avec chaque résultat

Votre développement - résultats

Vous n’avez pas pris ce quiz